Niemieckie Partie w Parlamencie - Statystyki

Ogólne statystyki
  • Ten quiz został rozwiązany 32 razy
  • Średni wynik to 8 z 18
Statystyki odpowiedzi
Partia
Mandaty w Bundestagu
(630 miejsc )
Mandaty w PE
(96 miejsc)
Mandaty w Landtagu
(1896 miejsc)
% Poprawnych
Alternatywa dla Niemiec (AfD) 152 15 275
100%
Unia Chrześcijańsko Demokratyczna (CDU) 164 23 525
93%
Socjaldemokratyczna Partia Niemiec (SPD) 120 14 455
90%
Lewica (LINKE) 64 3 117
80%
Sojusz 90 / Zieloni (GRÜNE) 85 12 314
77%
Unia Chrześcijańsko-Społeczna w Bawarii (CSU) 44 6 85
73%
Sojusz Sahry Wagenknecht (BSW) - 6 47
63%
Wolna Partia Demokratyczna (FDP) - 5 72
60%
Związek Wyborców Południowego Szlezwiku (SSW) 1 - 4
23%
Partia (Die Partei) - 2 -
20%
Wolni Wyborcy (FW) - 3 43
17%
Volt Niemcy (Volt) - 3 -
17%
Niemiecka Partia Rodzin (Familie) - 1 -
10%
Partia Ochrony Zwierząt (Tierschutzpartei) - 1 -
10%
Ekologiczna Partia Demokratyczna (ÖDP) - 1 -
7%
Unia Wartości (WU) - - 1
7%
Sojusz Niemcy (BD) - - 7
3%
Partia Progresu (PdF) - 1 -
3%
Nie znaleziono quizów pasujących do podanych kryteriów
Rozkład punktacji
Procent ludzi z każdym wynikiem
Percentyl według liczby udzielonych odpowiedzi
Twoja historia wyników
Nie rozwiązałeś tego quizu